[Event "Urumia op 2nd"]
[Site "Urumia"]
[Date "2008.08.29"]
[Round "6"]
[White "Dehghan, Mohammad Ali"]
[Black "Asgarov, Mushfig Nizami"]
[Result "0-1"]
[WhiteElo "1990"]
[BlackElo "2195"]
[PlyCount "58"]
[EventDate "2008.08.26"]
[EventType "swiss"]
[EventRounds "10"]
[EventCountry "IRI"]
[SourceTitle "CBM 126 Extra"]
[Source "ChessBase"]
[SourceDate "2008.11.05"]
[SourceVersion "1"]
[SourceVersionDate "2008.11.05"]
[SourceQuality "1"]

1. e4 c5 2. Nf3 d6 3. d4 cxd4 4. Nxd4 Nf6 5. Nc3 a6 6. f3 e5 7. Nb3 Be6 8. Be3 Nbd7 9. g4 b5 10. g5 b4 11. Nd5 Nxd5 12. exd5 Bf5 13. Bd3 Bxd3 14. Qxd3 Be7 15. h4 0-0 16. 0-0-0 a5 17. Kb1 a4 18. Nd2 Qa5 19. Qf5 Nc5 20. Bxc5 Qxc5 21. Ne4 Qc4 22. Nf6+ Bxf6 23. gxf6 b3 24. cxb3 axb3 25. a3 Rxa3 26. bxa3 Qe2 27. Kc1 Qa2 28. Rd2 Qa1+ 29. Qb1 Rc8+ 0-1

[Event "Urumia op 2nd"]
[Site "Urumia"]
[Date "2008.08.28"]
[Round "5"]
[White "Dehghan, Mohammad Ali"]
[Black "Ghane Gardeh, Shojaat"]
[Result "1/2-1/2"]
[WhiteElo "1990"]
[BlackElo "2415"]
[PlyCount "35"]
[EventDate "2008.08.26"]
[EventType "swiss"]
[EventRounds "10"]
[EventCountry "IRI"]
[SourceTitle "CBM 126 Extra"]
[Source "ChessBase"]
[SourceDate "2008.11.05"]
[SourceVersion "1"]
[SourceVersionDate "2008.11.05"]
[SourceQuality "1"]

1. e4 e6 2. d4 d5 3. exd5 exd5 4. Nf3 Bg4 5. Bd3 Nc6 6. c3 Bd6 7. 0-0 Nge7 8. Be3 Qd7 9. Nbd2 0-0 10. Re1 f5 11. Nb3 f4 12. Bd2 Ng6 13. c4 dxc4 14. Bxc4+ Kh8 15. h3 Bf5 16. Nc5 Bxc5 17. dxc5 Nd4 18. Bc3 1/2-1/2